| 000 | 00763nam a22001937a 4500 | ||
|---|---|---|---|
| 005 | 20180113155326.0 | ||
| 010 | _aUR-10020 | ||
| 020 |
_c200.00 _a9788192075396 |
||
| 035 | _aU-8575 | ||
| 037 | _bDBAD/PUB | ||
| 100 | _aنا نک سنگھ نشتر | ||
| 245 |
_aسکھ -مسلم د و ستی _cنا نک سنگھ نشتر |
||
| 246 |
_bSikh Muslim Dosti _aby Nanak Singh Nushtar |
||
| 260 |
_aHaiderabad _bBein Ul Aqwami Sikh Center Barai Bean Mazhabi Talluqaat _c2016 |
||
| 270 |
_a15-3-137,Sant Bhawan,Qila Golecunda _bHyderabad _e500012 _k9848353105 _l- |
||
| 300 |
_a208 ص _c22 Cm.(B.b) |
||
| 500 | _aدو حصہ | ||
| 942 |
_2ddc _cUR _h270 _mن ش ت |
||
| 999 |
_c149208 _d149208 |
||